<?xml version="1.0" encoding="UTF-8"?><?xml-stylesheet type="text/xsl" href="static/style.xsl"?><OAI-PMH xmlns="http://www.openarchives.org/OAI/2.0/" xmlns:xsi="http://www.w3.org/2001/XMLSchema-instance" xsi:schemaLocation="http://www.openarchives.org/OAI/2.0/ http://www.openarchives.org/OAI/2.0/OAI-PMH.xsd"><responseDate>2026-05-16T22:13:00Z</responseDate><request verb="GetRecord" identifier="oai:repisalud.isciii.es:20.500.12105/13756" metadataPrefix="marc">https://repisalud.isciii.es/rest/oai/request</request><GetRecord><record><header><identifier>oai:repisalud.isciii.es:20.500.12105/13756</identifier><datestamp>2024-08-29T10:45:13Z</datestamp><setSpec>com_20.500.12105_19143</setSpec><setSpec>com_20.500.12105_6723</setSpec><setSpec>com_20.500.12105_2337</setSpec><setSpec>com_20.500.12105_2336</setSpec><setSpec>col_20.500.12105_19144</setSpec></header><metadata><record xmlns="http://www.loc.gov/MARC21/slim" xmlns:dcterms="http://purl.org/dc/terms/" xmlns:doc="http://www.lyncode.com/xoai" xmlns:xsi="http://www.w3.org/2001/XMLSchema-instance" xsi:schemaLocation="http://www.loc.gov/MARC21/slim http://www.loc.gov/standards/marcxml/schema/MARC21slim.xsd">
   <leader>00925njm 22002777a 4500</leader>
   <datafield ind2=" " ind1=" " tag="042">
      <subfield code="a">dc</subfield>
   </datafield>
   <datafield ind2=" " ind1=" " tag="720">
      <subfield code="a">Rava, Marta</subfield>
      <subfield code="e">author</subfield>
   </datafield>
   <datafield ind2=" " ind1=" " tag="260">
      <subfield code="c">2021-12-13</subfield>
   </datafield>
   <datafield ind2=" " ind1=" " tag="520">
      <subfield code="a">Dentro de la Estrategia mundial contra el SIDA 2021-2026 que tiene como lema "Acabar con las desigualdades - Acabar con el sida" se exponen los objetivos y compromisos que se ambicionan para 2025. Se presenta un estudio sobre la presentación tardía al diagnóstico por VIH, los objetivos son: 1. Estimar prevalencia, factores asociados y variaciones en el tiempo de la presentación tardía. 2. Evaluar el impacto de la presentación tardía en el riesgo de desarrollar eventos sida, no-sida y muerte. 3. Evaluar el impacto de la presentación tardía en la efectividad y seguridad del tratamiento antirretroviral (TAR). Se llega a las siguientes conclusiones: 1. La prevalencia de presentación tardía sigue siendo elevada a pesar de una disminución lenta en la ultima década y non obstante las iniciativas puestas en marcha para promover la detección temprana. 2. La presentación tardía se asocia a un mayor morbilidad y mortalidad y a una peor respuesta inmune. y 3. Es necesario implementar estrategias de diagnostico precoz de la infección por VIH, sobre todo para aquellos con mayor riesgo de presentación tardía.</subfield>
   </datafield>
   <datafield ind1="8" ind2=" " tag="024">
      <subfield code="a">II Jornada del Centro Nacional de Epidemiología - 2021</subfield>
   </datafield>
   <datafield ind1="8" ind2=" " tag="024">
      <subfield code="a">http://hdl.handle.net/20.500.12105/13756</subfield>
   </datafield>
   <datafield tag="653" ind2=" " ind1=" ">
      <subfield code="a">Diagnóstico precoz</subfield>
   </datafield>
   <datafield tag="653" ind2=" " ind1=" ">
      <subfield code="a">Infección por VIH</subfield>
   </datafield>
   <datafield tag="653" ind2=" " ind1=" ">
      <subfield code="a">VIH</subfield>
   </datafield>
   <datafield tag="653" ind2=" " ind1=" ">
      <subfield code="a">Cohorte CoRIS</subfield>
   </datafield>
   <datafield ind2="0" ind1="0" tag="245">
      <subfield code="a">Diagnóstico tardío de la infección por VIH: magnitud, factores asociados e impacto</subfield>
   </datafield>
</record></metadata></record></GetRecord></OAI-PMH>